Schuster: Euro je pasca na Fica exprezidenta Rudolfa Schustera prekvapujú čistky v stranách, ktoré ...

Bibliographic Details
Main Authors: Šutková, Veronika (Author, Interviewer), Korda, Eugen, 1949- (Author, Interviewer), Schuster, Rudolf, 1934- (Author)
Format: Article
Language:Slovak
PhysicalDescription:Fotogr.
ISSN:1335-440X
Subjects:

MARC

LEADER 00000nab a2200000 ar4500
001 vtls009307963
003 SK-MaSNL
005 20260303060048.0
008 080701c20080415xo dr|p|||||||000 b|slo
015 |a SNBRB2008/07  |2 snkbucl 
040 |a SNKBUCL  |b slo  |c SNKBUCL  |e AACR2 
041 0 |a slo 
044 |a xo  |c SK 
080 |a 32-051  |2 2001 
080 |a 35-051  |2 2001 
100 1 |a Šutková, Veronika  |4 ivr  |4 aut  |9 1041111 
245 1 0 |a Schuster: Euro je pasca na Fica  |b exprezidenta Rudolfa Schustera prekvapujú čistky v stranách, ktoré ...  |c Veronika Šutková, Eugen Korda, Rudolf Schuster 
300 |b Fotogr. 
500 |a Od 15.1.2007 návrat k pôvodnému vročeniu 
600 1 7 |a Schuster, Rudolf,  |d 1934-  |2 snkbucl  |9 86070 
655 7 |a rozhovory  |2 snkbucl  |9 31831 
700 1 |a Korda, Eugen,  |d 1949-  |4 ivr  |4 aut  |9 106886 
700 1 |a Schuster, Rudolf,  |d 1934-  |4 ive  |4 aut  |9 86070 
773 0 |t Sme  |g Roč. 16, č. 88 (15.4.2008), s. 3  |x 1335-440X 
852 |a SNK  |b KIS3GCP 
958 |a SK 
999 |c 1729966  |d 1731896